| 000 | 00991nam a2200241 a 4500 | ||
|---|---|---|---|
| 001 | BRCA_4131 | ||
| 005 | 20190320204544.0 | ||
| 008 | 140410m19051907mx-#######---#000-0#spa-# | ||
| 041 | _aspa | ||
| 044 | _amx | ||
| 050 | 4 |
_aF1233 _b.C66 1905 |
|
| 245 | 1 | 0 |
_aCorrespondencia secreta de los principales intervencionistas mexicanos _cpublicados por Genaro García y Carlos Pereyra. |
| 260 |
_aMéxico _bVda. de Ch. Bouret _c1905-1907 |
||
| 300 |
_a3 v. _c21 cm. |
||
| 440 | 0 |
_aDocumentos inéditos ó muy raros para la historia de México _v1, 4, 13 _910666 |
|
| 500 | _aC159 | ||
| 505 | 0 | _aContenido: v.1. 1860-1862, (1905). -- v.2. Segunda parte, (1906). -- v.3. Tercera y última parte: Historia del proyecto del Concordato mexicano y documentos sobre la Reforma é invasión francesa, (1907) | |
| 651 | 4 |
_aMéxico _vFuentes _xHistoria _yIntervención francesa, 1861-1867 _910667 |
|
| 700 | 1 |
_aGarcía, Genaro _910197 |
|
| 700 | 1 |
_aPereyra, Carlos _98199 |
|
| 902 | _aGFM | ||
| 942 |
_2lcc _cB |
||
| 999 |
_c3847 _d3847 |
||